| 000 | 00967cam a2200277 4500 | ||
|---|---|---|---|
| 001 | RV123629 | ||
| 008 | 030916n2001 000 0 eng u | ||
| 035 | _a(Sirsi) u123629 | ||
| 245 | _aRural diversification review (R727) | ||
| 260 | _c2001 | ||
| 490 |
_aRICS Abstracts and Reviews _v37(10) October 2001, 24-26(3) |
||
| 520 | _aReading list on rural diversification in the wake of the foot and mouth crisis. Gives details of legislation, guidance, books, pamphlets, articles and relevant organisations. Available from the RICS Library, price £4.00. | ||
| 650 | _aENVIRONMENTAL IMPROVEMENT | ||
| 650 | _aTELECOTTAGES | ||
| 650 | _aMOBILE PHONE MASTS | ||
| 650 | _aFARM DIVERSIFICATION | ||
| 650 | _aALTERNATIVE LAND USE | ||
| 650 | _aFOOT-AND-MOUTH DISEASE | ||
| 650 | _aFARMERS | ||
| 650 | _aRURAL DIVERSIFICATION | ||
| 650 | _aRICS HOT TOPICS | ||
| 650 | _aRICS REVIEWS | ||
| 650 | _aREADING LISTS | ||
| 690 | _aRURAL-MARKET | ||
| 942 | _n0 | ||
| 999 |
_c103075 _d103075 |
||